Các nhân tố ảnh hưởng đến rủi ro tín dụng của ngân hàng phát triển Việt Nam - Trường hợp các chi nhánh ở khu vực Đồng bằng sông Cửu Long : Luận văn tốt nghiệp cao học. Chuyên ngành Tài chính - Ngân hàng
Phân tích thực trạng chất lượng hoạt động cấp tín dụng tại các chi nhánh Ngân hàng Phát triển Việt Nam ở khu vực ĐBSCL; Đo lường các nhân tố ảnh hưởng đến rủi ro tín dụng tại các chi nhánh của Ngân hàng Phát triển Việt Nam ở khu vực ĐBSCL...
Đã lưu trong:
| 主要作者: | |
|---|---|
| 格式: | 图书 |
| 语言: | Undetermined |
| 出版: |
Cần Thơ
Trường Đại học Cần Thơ
2015
|
| 主题: | |
| 标签: |
添加标签
没有标签, 成为第一个标记此记录!
|
| Thư viện lưu trữ: | Trung tâm Học liệu Trường Đại học Cần Thơ |
|---|
| LEADER | 01553nam a2200217Ia 4500 | ||
|---|---|---|---|
| 001 | CTU_209423 | ||
| 008 | 210402s9999 xx 000 0 und d | ||
| 082 | |a 332.1 | ||
| 082 | |b Đ307 | ||
| 088 | |a 60340201 | ||
| 100 | |a Nguyễn, Thị Ngọc Điệp | ||
| 245 | 0 | |a Các nhân tố ảnh hưởng đến rủi ro tín dụng của ngân hàng phát triển Việt Nam - Trường hợp các chi nhánh ở khu vực Đồng bằng sông Cửu Long : | |
| 245 | 0 | |b Luận văn tốt nghiệp cao học. Chuyên ngành Tài chính - Ngân hàng | |
| 245 | 0 | |c Nguyễn Thị Ngọc Điệp ; Trương Đông Lộc (Hướng dẫn khoa học) | |
| 260 | |a Cần Thơ | ||
| 260 | |b Trường Đại học Cần Thơ | ||
| 260 | |c 2015 | ||
| 520 | |a Phân tích thực trạng chất lượng hoạt động cấp tín dụng tại các chi nhánh Ngân hàng Phát triển Việt Nam ở khu vực ĐBSCL; Đo lường các nhân tố ảnh hưởng đến rủi ro tín dụng tại các chi nhánh của Ngân hàng Phát triển Việt Nam ở khu vực ĐBSCL; Đề xuất một số giải pháp nhằm hạn chế rủi ro tín dụng cho các chi nhánh của Ngân hàng Phát triển Việt Nam ở khu vực ĐBSCL | ||
| 650 | |a Tín dụng ngân hàng,Bank credit | ||
| 904 | |i Trần Thị Hồng Ngọc (Nguyên) | ||
| 980 | |a Trung tâm Học liệu Trường Đại học Cần Thơ | ||